A szlovák nemzetiség élő hagyományainak vizsgálata az oktatásban
| Szerző: | |
|---|---|
| További közreműködők: | |
| Dokumentumtípus: | Diplomadolgozat |
| Kulcsszavak: | hagyományok identitás nemzetiségek nyelvtanulás Szlovákia |
| Online Access: | http://dolgozattar.uni-bge.hu/59752 |
MARC
| LEADER | 00000nta a2200000 i 4500 | ||
|---|---|---|---|
| 001 | dolg59752 | ||
| 005 | 20260409145522.0 | ||
| 008 | 260409suuuu hu om 000 hun d | ||
| 040 | |a BGE Dolgozattár Repozitórium |b hun | ||
| 041 | |a hu | ||
| 100 | 1 | |a Odler Krisztina | |
| 245 | 1 | 2 | |a A szlovák nemzetiség élő hagyományainak vizsgálata az oktatásban |c Odler Krisztina |h [elektronikus dokumentum] |
| 520 | 3 | |a Az igazgatók véleménye szerint, a nehézségek ellenére, mégis vidám az élet a szlovák iskolákban, hiszen az iskolai és azon kívüli hagyományőrző programok közösségépítő ereje pozitív hatással van a diákokra és az iskolai életre. A legtöbb iskolában még akkor is szívesen részt vesznek a diákok a rendezvényeken, ha ezek tanulást igényelnek, vagy akár hétvégén próbákra kell bejárni az iskolába, pl. színdarabok, egyéb műsorok, előadások esetében. A közös élmények nem csak a kulturális örökség megőrzését szolgálják, hanem a diákoknak is lehetőséget adnak a szorosabb összekapcsolódásra, a közösség érzésének megerősítésére. | |
| 695 | |a hagyományok | ||
| 695 | |a identitás | ||
| 695 | |a nemzetiségek | ||
| 695 | |a nyelvtanulás | ||
| 695 | |a Szlovákia | ||
| 700 | 1 | |a Popcsa Anna Mária |e ths | |
| 856 | 4 | 0 | |u http://dolgozattar.uni-bge.hu/59752/1/Odler%20Krisztina%20-%20%20A%20szlov%C3%A1k%20nemzetis%C3%A9g%20%C3%A9l%C5%91%20hagyom%C3%A1nyainak%20vizsg%C3%A1lata%20az%20oktat%C3%A1sban.pdf |z Dokumentum-elérés |
| 856 | 4 | 0 | |u http://dolgozattar.uni-bge.hu/59752/2/Odler%20K.%20.pdf |z Dokumentum-elérés |
| 856 | 4 | 0 | |u http://dolgozattar.uni-bge.hu/59752/3/Odler_Krisztina_k%C3%BCls%C5%91_b%C3%ADr%C3%A1l%C3%B3.pdf |z Dokumentum-elérés |